Statistiken für Haltestellen der Wachaubahn (Donauuferbahn)

Klicken Sie hier um das Quiz zu spielen!

Allgemein

  • Dieses Quiz wurde 17 mal gespielt
  • Das Durchschnittsergebnis liegt bei 8 aus 13

Antwortstatistiken

Haltestelle% Korrekt
Krems an der Donau
100%
Spitz an der Donau
92%
Dürnstein-Oberloiben
83%
Emmersdorf an der Donau
75%
Stein-Mautern
75%
Aggsbach-Markt
58%
Willendorf in der Wachau
58%
Grimsing
50%
Krems Campus-Kunstmeile
50%
Weißenkirchen
50%
Wösendorf-Joching
50%
Schwallenbach
42%
Unterloiben
42%

Verteilung der Resultate

Perzentil nach korrekt beantworteten Fragen

Anzahl Personen mit jedem Resultat

Ihre Resultats-Entwicklung

Sie haben dieses Quiz noch nicht gespielt